Cuba : Cultura /

Salvato in:
Dettagli Bibliografici
Autore principale: Marinello, Juan
Natura: Sconosciuto
Lingua:Spanish
Pubblicazione: Cuba : Editorial Letras Cubanas, 1989.
Soggetti:
Tags: Aggiungi Tag
Nessun Tag, puoi essere il primo ad aggiungerne!!

MARC

LEADER 000000000a22000000004500
001 002048
041 0 |a spa 
082 0 4 |a 972.910.6   |b M338c 
100 1 |a Marinello, Juan 
245 1 0 |a Cuba :   |b Cultura /   |c Juan Marinello. 
260 1 |a Cuba :   |b Editorial Letras Cubanas,   |c 1989. 
300 |a 580 páginas 
650 4 |a CIVILIZACION 
650 4 |a SIGLO XX 
650 4 |a CUBA 
999 |c 8653  |d 8653 
942 |c BK  |h 972.910.6 M338c  |2 z